Reinsurance practice and the law / (Record no. 4301)
[ view plain ]
| 000 -LEADER | |
|---|---|
| fixed length control field | 00985cam a22002652 4500 |
| 001 - CONTROL NUMBER | |
| control field | 0000021394 |
| 005 - DATE AND TIME OF LATEST TRANSACTION | |
| control field | 20151217145935.0 |
| 008 - FIXED-LENGTH DATA ELEMENTS--GENERAL INFORMATION | |
| fixed length control field | 120420s xx 000 0 eng d |
| 020 ## - INTERNATIONAL STANDARD BOOK NUMBER | |
| International Standard Book Number | 1843117964 : |
| 040 ## - CATALOGING SOURCE | |
| Original cataloging agency | KABU |
| Transcribing agency | KABU |
| 245 10 - TITLE STATEMENT | |
| Title | Reinsurance practice and the law / |
| Statement of responsibility, etc. | Barlow Lyde & Gilbert. |
| 250 ## - EDITION STATEMENT | |
| Edition statement | 1st ed. |
| 260 ## - PUBLICATION, DISTRIBUTION, ETC. (IMPRINT) | |
| Place of publication, distribution, etc. | London : |
| Name of publisher, distributor, etc. | Informa, |
| Date of publication, distribution, etc. | 2009. |
| 300 ## - PHYSICAL DESCRIPTION | |
| Extent | lxxii, 1032 p. |
| 650 #0 - SUBJECT ADDED ENTRY--TOPICAL TERM | |
| Topical term or geographic name as entry element | Reinsurance |
| General subdivision | Law and legislation |
| Geographic subdivision | Great Britain. |
| -- | 0000182201 |
| 650 #0 - SUBJECT ADDED ENTRY--TOPICAL TERM | |
| Topical term or geographic name as entry element | Reinsurance |
| General subdivision | Law and legislation. |
| -- | 0000182202 |
| 700 1# - ADDED ENTRY--PERSONAL NAME | |
| Personal name | Lyde, Barlow. |
| -- | 0000182203 |
| 852 1# - LOCATION | |
| -- | p58490.10 KES |
| 852 1# - LOCATION | |
| -- | p58490.10 KES |
| 852 1# - LOCATION | |
| -- | p58490.10 KES |
| 852 1# - LOCATION | |
| -- | p58490.10 KES |
| 852 1# - LOCATION | |
| -- | p58490.10 KES |
| 908 ## - PUT COMMAND PARAMETER (RLIN) | |
| Put command parameter | 120420 |
| 950 ## - LOCAL HOLDINGS (RLIN) | |
| -- | 1 |
| Withdrawn status | Lost status | Source of classification or shelving scheme | Not for loan | Home library | Current library | Date acquired | Total Checkouts | Full call number | Barcode | Date last seen | Price effective from | Koha item type |
|---|---|---|---|---|---|---|---|---|---|---|---|---|
| Library of Congress Classification | Kabarak, Main Campus | Kabarak, Main Campus | 17/12/2015 | KD1906 .R45 2009 c. 1 | 20927 | 17/12/2015 | 17/12/2015 | General Collection | ||||
| Library of Congress Classification | Kabarak, Main Campus | Kabarak, Main Campus | 17/12/2015 | KD1906 .R45 2009 c. 2 | 20926 | 17/12/2015 | 17/12/2015 | General Collection | ||||
| Library of Congress Classification | Kabarak, Main Campus | Kabarak, Main Campus | 17/12/2015 | KD1906 .R45 2009 c. 3 | 20928 | 17/12/2015 | 17/12/2015 | General Collection | ||||
| Library of Congress Classification | Kabarak, Main Campus | Kabarak, Main Campus | 17/12/2015 | KD1906 .R45 2009 c. 4 | 21207 | 17/12/2015 | 17/12/2015 | General Collection | ||||
| Library of Congress Classification | Kabarak, Main Campus | Kabarak, Main Campus | 17/12/2015 | KD1906 .R45 2009 c. 5 | 21206 | 17/12/2015 | 17/12/2015 | General Collection |